000 00282nam a22001337a 4500
008 170424b xxu||||| |||| 00| 0 eng d
020 _a9780321696724
041 _aeng
080 _212TH
_a54
100 _a12
101 _aSHM
245 _aCHEMISTRY
_cBROWN, W
942 _2udc
_cBK
999 _c11790
_d11790